[Event "DEM U12w 2023"]
[Site "Willingen GER"]
[Date "2023.06.02"]
[Round "8"]
[White "Glotz, Katharina"]
[Black "Malagatte, Samiksha"]
[Result "0-1"]
[Termination "normal"]
[Board "9"]
[WhiteElo "1411"]
[BlackElo "1214"]
[WhiteClock "00:28:29"]
[BlackClock "00:44:12"]
[PlyCount "108"]
[WhiteFideId "34631011"]
[BlackFideId "34633790"]
[EventCountry "GER"]
[EventRounds "9"]
[EventType "swiss"]
[EventDate "2023.05.27"]

1. e4 {[%clk 01:30:57]} {[%emt 00:00:02]} e5 {[%clk 01:30:55]} {[%emt
00:00:05]} 2. Nf3 {[%clk 01:31:17]} {[%emt 00:00:10]} Nc6 {[%clk 01:31:20]}
{[%emt 00:00:06]} 3. Bc4 {[%clk 01:31:34]} {[%emt 00:00:13]} Nf6 {[%clk
01:31:43]} {[%emt 00:00:07]} 4. Ng5 {[%clk 01:31:46]} d5 {[%clk 01:32:03]}
{[%emt 00:00:27]} 5. exd5 {[%clk 01:31:59]} {[%emt 00:00:17]} Na5 {[%clk
01:32:24]} {[%emt 00:00:09]} 6. Bb5+ {[%clk 01:31:51]} {[%emt 00:00:38]} c6
{[%clk 01:32:44]} {[%emt 00:00:11]} 7. dxc6 {[%clk 01:31:55]} {[%emt 00:00:26]}
bxc6 {[%clk 01:33:05]} {[%emt 00:00:08]} 8. Bd3 {[%clk 01:31:58]} {[%emt
00:00:26]} Nd5 {[%clk 01:33:24]} {[%emt 00:00:12]} 9. Nf3 {[%clk 01:31:36]}
{[%emt 00:00:51]} Nf4 {[%clk 01:27:05]} {[%emt 00:06:50]} 10. O-O {[%clk
01:29:47]} {[%emt 00:02:19]} Bd6 {[%clk 01:24:35]} {[%emt 00:03:00]} 11. Re1
{[%clk 01:27:28]} {[%emt 00:02:48]} O-O {[%clk 01:22:01]} {[%emt 00:03:06]} 12.
Nxe5 {[%clk 01:25:35]} {[%emt 00:02:22]} Qg5 {[%clk 01:18:03]} {[%emt
00:04:28]} 13. Qf3 {[%clk 01:15:28]} {[%emt 00:10:36]} Bxe5 {[%clk 01:13:37]}
{[%emt 00:04:56]} 14. h4 {[%clk 01:14:12]} {[%emt 00:01:46]} Qf6 {[%clk
01:09:31]} {[%emt 00:04:37]} 15. Bxh7+ {[%clk 00:59:20]} {[%emt 00:15:23]} Kxh7
{[%clk 01:06:04]} {[%emt 00:03:56]} 16. Qe4+ {[%clk 00:59:19]} {[%emt
00:00:30]} Qg6 {[%clk 01:02:27]} {[%emt 00:04:08]} 17. Qxg6+ {[%clk 00:56:19]}
{[%emt 00:03:30]} Nxg6 {[%clk 01:02:19]} {[%emt 00:00:38]} 18. h5 {[%clk
00:56:24]} {[%emt 00:00:25]} f6 {[%clk 01:02:27]} {[%emt 00:00:22]} 19. hxg6+
{[%clk 00:56:29]} {[%emt 00:00:26]} Kxg6 {[%clk 01:02:40]} {[%emt 00:00:16]}
20. c3 {[%clk 00:55:22]} {[%emt 00:01:37]} Bf5 {[%clk 01:02:16]} {[%emt
00:00:54]} 21. d4 {[%clk 00:54:29]} {[%emt 00:01:23]} Bd6 {[%clk 01:02:23]}
{[%emt 00:00:23]} 22. Nd2 {[%clk 00:52:05]} {[%emt 00:02:55]} Rae8 {[%clk
00:59:55]} {[%emt 00:02:57]} 23. Rf1 {[%clk 00:50:02]} {[%emt 00:02:33]} Re2
{[%clk 00:59:00]} {[%emt 00:01:26]} 24. Nf3 {[%clk 00:46:17]} {[%emt 00:04:14]}
Rh8 {[%clk 00:55:50]} {[%emt 00:03:40]} 25. b3 {[%clk 00:37:17]} {[%emt
00:09:29]} Be4 {[%clk 00:55:23]} {[%emt 00:00:58]} 26. Nd2 {[%clk 00:34:34]}
{[%emt 00:03:13]} Bf5 {[%clk 00:51:52]} {[%emt 00:04:01]} 27. Nf3 {[%clk
00:34:40]} {[%emt 00:00:24]} Bg4 {[%clk 00:51:51]} {[%emt 00:00:31]} 28. Ne1
{[%clk 00:34:33]} {[%emt 00:00:36]} Bh2+ {[%clk 00:51:02]} {[%emt 00:01:20]}
29. Kh1 {[%clk 00:34:57]} {[%emt 00:00:07]} Bg3+ {[%clk 00:50:48]} {[%emt
00:00:44]} 30. Kg1 {[%clk 00:32:35]} {[%emt 00:02:52]} Bxf2+ {[%clk 00:50:02]}
{[%emt 00:01:15]} 31. Rxf2 {[%clk 00:32:31]} {[%emt 00:00:35]} Rxe1+ {[%clk
00:50:16]} {[%emt 00:00:15]} 32. Rf1 {[%clk 00:32:59]} {[%emt 00:00:03]} Rh1+
{[%clk 00:49:49]} {[%emt 00:00:56]} 33. Kxh1 {[%clk 00:33:26]} {[%emt
00:00:04]} Rxf1+ {[%clk 00:50:11]} {[%emt 00:00:07]} 34. Kh2 {[%clk 00:33:50]}
{[%emt 00:00:07]} Kf5 {[%clk 00:49:44]} {[%emt 00:00:56]} 35. Kg3 {[%clk
00:33:46]} {[%emt 00:00:34]} Be2 {[%clk 00:49:30]} {[%emt 00:00:44]} 36. Kh4
{[%clk 00:33:29]} {[%emt 00:00:44]} g5+ {[%clk 00:48:53]} {[%emt 00:01:10]} 37.
Kg3 {[%clk 00:32:54]} {[%emt 00:01:05]} Ke4 {[%clk 00:48:58]} {[%emt 00:00:25]}
38. c4 {[%clk 00:32:21]} {[%emt 00:01:04]} f5 {[%clk 00:46:10]} {[%emt
00:03:18]} 39. Rb1 {[%clk 00:30:35]} {[%emt 00:02:15]} f4+ {[%clk 00:46:13]}
{[%emt 00:00:27]} 40. Kh2 {[%clk 00:30:29]} {[%emt 00:00:35]} g4 {[%clk
00:45:58]} {[%emt 00:00:45]} 41. g3 {[%clk 00:29:14]} {[%emt 00:01:46]} Bf3
{[%clk 00:45:52]} {[%emt 00:00:36]} 42. gxf4 {[%clk 00:29:21]} {[%emt
00:00:23]} Rh1+ {[%clk 00:45:30]} {[%emt 00:00:52]} 43. Kg3 {[%clk 00:29:43]}
{[%emt 00:00:08]} Rh3+ {[%clk 00:45:23]} {[%emt 00:00:37]} 44. Kf2 {[%clk
00:29:50]} {[%emt 00:00:23]} g3+ {[%clk 00:45:40]} {[%emt 00:00:13]} 45. Ke1
{[%clk 00:28:56]} {[%emt 00:01:24]} g2 {[%clk 00:44:22]} {[%emt 00:00:27]} 46.
Kf2 {[%clk 00:28:46]} {[%emt 00:02:01]} Rh1 {[%clk 00:44:29]} {[%emt 00:00:24]}
47. Bd2 {[%clk 00:28:33]} {[%emt 00:00:43]} Rxb1 {[%clk 00:44:29]} {[%emt
00:00:29]} 48. Be1 {[%clk 00:28:01]} {[%emt 00:01:02]} Rxe1 {[%clk 00:44:45]}
{[%emt 00:00:14]} 49. Kxe1 {[%clk 00:28:15]} {[%emt 00:00:15]} g1=Q+ {[%emt
00:00:13]} 50. Kd2 {[%emt 00:00:07]} Qe3+ {[%clk 00:44:07]} {[%emt 00:00:49]}
51. Kc2 {[%clk 00:28:25]} {[%emt 00:00:19]} Qd3+ {[%clk 00:44:14]} {[%emt
00:00:24]} 52. Kc1 {[%clk 00:28:12]} {[%emt 00:00:44]} Qc3+ {[%clk 00:43:57]}
{[%emt 00:00:47]} 53. Kb1 {[%clk 00:28:35]} {[%emt 00:00:06]} Ke3 {[%clk
00:44:12]} {[%emt 00:00:15]} 54. f5 {[%clk 00:28:29]} {[%emt 00:00:36]} Be4#
{[%emt 00:00:07]} 0-1

[Event "DEM U12w 2023"]
[Site "Willingen GER"]
[Date "2023.06.02"]
[Round "8"]
[White "Mader, Theresa"]
[Black "Wang, Enya Marie"]
[Result "0-1"]
[Termination "normal"]
[Board "10"]
[WhiteElo "1229"]
[BlackElo "1156"]
[WhiteClock "00:11:57"]
[BlackClock "00:30:31"]
[PlyCount "70"]
[WhiteFideId "34605657"]
[BlackFideId "34660330"]
[EventCountry "GER"]
[EventRounds "9"]
[EventType "swiss"]
[EventDate "2023.05.27"]

1. d4 {[%clk 01:30:57]} {[%emt 00:00:02]} Nf6 {[%clk 01:30:55]} {[%emt
00:00:05]} 2. c4 {[%clk 01:31:16]} {[%emt 00:00:10]} g6 {[%clk 01:31:16]}
{[%emt 00:00:10]} 3. Nc3 {[%clk 01:31:19]} {[%emt 00:00:27]} Bg7 {[%clk
01:31:32]} {[%emt 00:00:14]} 4. Nf3 {[%clk 01:31:10]} {[%emt 00:00:39]} O-O
{[%clk 01:31:07]} {[%emt 00:00:56]} 5. Bf4 {[%clk 01:30:32]} {[%emt 00:01:06]}
d6 {[%clk 01:30:32]} {[%emt 00:01:06]} 6. h3 {[%clk 01:27:45]} {[%emt
00:03:17]} Nbd7 {[%clk 01:29:29]} {[%emt 00:01:34]} 7. e3 {[%clk 01:25:52]}
{[%emt 00:02:23]} Nh5 {[%clk 01:28:06]} {[%emt 00:01:52]} 8. Bh2 {[%clk
01:24:13]} {[%emt 00:02:09]} e5 {[%clk 01:27:31]} {[%emt 00:01:06]} 9. dxe5
{[%clk 01:22:05]} {[%emt 00:02:36]} dxe5 {[%clk 01:26:40]} {[%emt 00:01:21]}
10. Rc1 {[%clk 01:17:32]} {[%emt 00:05:04]} f5 {[%clk 01:24:18]} {[%emt
00:02:49]} 11. Be2 {[%clk 01:14:55]} {[%emt 00:03:09]} c6 {[%clk 01:21:47]}
{[%emt 00:03:02]} 12. Qc2 {[%clk 01:08:53]} {[%emt 00:06:32]} e4 {[%clk
01:19:46]} {[%emt 00:02:31]} 13. Nd2 {[%clk 01:06:00]} {[%emt 00:03:22]} Qg5
{[%clk 01:17:17]} {[%emt 00:03:00]} 14. g3 {[%clk 01:00:17]} {[%emt 00:06:12]}
Nhf6 {[%clk 01:12:05]} {[%emt 00:05:43]} 15. Nb3 {[%clk 00:54:20]} {[%emt
00:06:26]} Ne8 {[%clk 01:07:34]} {[%emt 00:05:02]} 16. Rd1 {[%clk 00:51:32]}
{[%emt 00:03:18]} Ne5 {[%clk 01:06:16]} {[%emt 00:01:47]} 17. Nd4 {[%clk
00:50:04]} {[%emt 00:01:58]} c5 {[%clk 01:04:52]} {[%emt 00:01:55]} 18. Nb3
{[%clk 00:48:21]} {[%emt 00:02:13]} b6 {[%clk 01:03:07]} {[%emt 00:02:15]} 19.
Nd5 {[%clk 00:46:58]} {[%emt 00:01:52]} Nd6 {[%clk 00:59:01]} {[%emt 00:04:35]}
20. Nc7 {[%clk 00:42:09]} {[%emt 00:05:21]} Rb8 {[%clk 00:51:57]} {[%emt
00:07:33]} 21. Rxd6 {[%clk 00:41:27]} {[%emt 00:01:12]} Qe7 {[%clk 00:50:51]}
{[%emt 00:01:37]} 22. Rd1 {[%clk 00:34:55]} {[%emt 00:07:01]} Qxc7 {[%clk
00:50:22]} {[%emt 00:00:59]} 23. Nd2 {[%clk 00:32:56]} {[%emt 00:02:30]} Bb7
{[%clk 00:47:45]} {[%emt 00:03:07]} 24. Nb1 {[%clk 00:31:47]} {[%emt 00:01:39]}
Rbd8 {[%clk 00:44:23]} {[%emt 00:03:52]} 25. O-O {[%clk 00:29:04]} {[%emt
00:03:13]} Nf3+ {[%clk 00:41:50]} {[%emt 00:03:03]} 26. Kg2 {[%clk 00:27:40]}
{[%emt 00:01:53]} Qe7 {[%clk 00:39:59]} {[%emt 00:02:21]} 27. Nd2 {[%clk
00:25:27]} {[%emt 00:02:44]} Ne5 {[%clk 00:37:28]} {[%emt 00:03:01]} 28. Nb1
{[%clk 00:23:18]} {[%emt 00:02:39]} Nd3 {[%clk 00:37:13]} {[%emt 00:00:45]} 29.
b3 {[%clk 00:22:09]} {[%emt 00:01:39]} Nb4 {[%clk 00:35:28]} {[%emt 00:02:15]}
30. Qc1 {[%clk 00:20:12]} {[%emt 00:02:25]} Nxa2 {[%clk 00:35:16]} {[%emt
00:00:43]} 31. Qa3 {[%clk 00:18:20]} {[%emt 00:02:22]} Nb4 {[%clk 00:33:28]}
{[%emt 00:02:19]} 32. Rxd8 {[%clk 00:13:45]} {[%emt 00:05:05]} Rxd8 {[%clk
00:31:37]} {[%emt 00:02:20]} 33. Qxa7 {[%clk 00:12:03]} {[%emt 00:02:13]} Ra8
{[%clk 00:30:29]} {[%emt 00:01:38]} 34. Qxb6 {[%clk 00:11:58]} {[%emt
00:00:34]} Ra6 {[%clk 00:30:31]} {[%emt 00:00:29]} 35. Qb5 {[%clk 00:11:57]}
{[%emt 00:00:31]} Be5 {[%emt 00:07:41]} 0-1

[Event "DEM U12w 2023"]
[Site "Willingen GER"]
[Date "2023.06.02"]
[Round "8"]
[White "Fruth, Julia"]
[Black "Krannich, Eva"]
[Result "1-0"]
[Termination "normal"]
[Board "11"]
[WhiteElo "1187"]
[BlackElo "1025"]
[WhiteClock "00:16:53"]
[BlackClock "00:42:29"]
[PlyCount "117"]
[WhiteFideId "34603050"]
[BlackFideId "34639713"]
[EventCountry "GER"]
[EventRounds "9"]
[EventType "swiss"]
[EventDate "2023.05.27"]

1. e4 {[%clk 01:30:58]} {[%emt 00:00:01]} e6 {[%clk 01:30:51]} {[%emt
00:00:08]} 2. d4 {[%clk 01:31:17]} {[%emt 00:00:12]} d5 {[%clk 01:31:00]}
{[%emt 00:00:20]} 3. Bd3 {[%clk 01:31:39]} {[%emt 00:00:09]} dxe4 {[%clk
01:30:53]} {[%emt 00:00:37]} 4. Bxe4 {[%clk 01:31:57]} {[%emt 00:00:12]} Nf6
{[%clk 01:30:06]} {[%emt 00:01:17]} 5. Bf3 {[%clk 01:32:19]} {[%emt 00:00:08]}
Be7 {[%clk 01:29:07]} {[%emt 00:01:30]} 6. Ne2 {[%clk 01:31:59]} {[%emt
00:00:48]} O-O {[%clk 01:27:35]} {[%emt 00:02:03]} 7. O-O {[%clk 01:31:38]}
{[%emt 00:00:51]} Qd6 {[%clk 01:27:04]} {[%emt 00:01:02]} 8. Nbc3 {[%clk
01:29:10]} {[%emt 00:02:57]} a6 {[%clk 01:25:16]} {[%emt 00:02:19]} 9. Be3
{[%clk 01:25:31]} {[%emt 00:04:08]} Nc6 {[%clk 01:23:53]} {[%emt 00:01:52]} 10.
Qd2 {[%clk 01:17:31]} {[%emt 00:08:32]} b6 {[%clk 01:20:00]} {[%emt 00:04:18]}
11. Bf4 {[%clk 01:11:45]} {[%emt 00:06:17]} Qd7 {[%clk 01:18:07]} {[%emt
00:02:26]} 12. Rad1 {[%clk 01:10:42]} {[%emt 00:01:31]} Bb7 {[%clk 01:15:59]}
{[%emt 00:02:39]} 13. d5 {[%clk 01:06:57]} {[%emt 00:04:16]} Nd8 {[%clk
01:11:01]} {[%emt 00:05:28]} 14. Qd3 {[%clk 00:58:56]} {[%emt 00:08:28]} Bc5
{[%clk 01:07:21]} {[%emt 00:04:14]} 15. Ng3 {[%clk 00:55:04]} {[%emt 00:04:17]}
Bd6 {[%clk 01:03:00]} {[%emt 00:04:55]} 16. Bxd6 {[%clk 00:50:29]} {[%emt
00:05:04]} Qxd6 {[%clk 01:02:44]} {[%emt 00:00:47]} 17. Nge4 {[%clk 00:49:42]}
{[%emt 00:01:16]} Qe7 {[%clk 01:01:14]} {[%emt 00:02:02]} 18. dxe6 {[%clk
00:44:10]} {[%emt 00:05:59]} Qxe6 {[%emt 00:02:21]} 19. Rfe1 {[%clk 00:42:32]}
{[%emt 00:01:43]} h6 {[%clk 00:57:56]} {[%emt 00:02:23]} 20. Nc5 {[%clk
00:37:31]} {[%emt 00:05:31]} Qc8 {[%clk 00:57:22]} {[%emt 00:01:04]} 21. Nxb7
{[%emt 00:02:03]} Nxb7 {[%clk 00:57:19]} {[%emt 00:00:29]} 22. Nd5 {[%clk
00:34:45]} {[%emt 00:01:47]} Nxd5 {[%clk 00:55:00]} {[%emt 00:02:50]} 23. Qxd5
{[%clk 00:34:58]} {[%emt 00:00:17]} Rb8 {[%clk 00:53:32]} {[%emt 00:01:59]} 24.
Re7 {[%clk 00:31:48]} {[%emt 00:03:37]} Nd6 {[%clk 00:51:49]} {[%emt 00:02:15]}
25. Qc6 {[%clk 00:27:57]} {[%emt 00:04:20]} Re8 {[%clk 00:49:16]} {[%emt
00:03:04]} 26. Rxc7 {[%clk 00:26:59]} {[%emt 00:01:27]} Qe6 {[%clk 00:48:55]}
{[%emt 00:00:52]} 27. h3 {[%clk 00:25:32]} {[%emt 00:01:56]} Nb5 {[%clk
00:46:17]} {[%emt 00:03:09]} 28. Qxe6 {[%clk 00:23:22]} {[%emt 00:02:39]} fxe6
{[%clk 00:46:06]} {[%emt 00:00:42]} 29. Rcd7 {[%clk 00:23:08]} {[%emt
00:00:44]} Rec8 {[%clk 00:44:11]} {[%emt 00:02:25]} 30. Be4 {[%clk 00:21:43]}
{[%emt 00:01:54]} e5 {[%clk 00:42:45]} {[%emt 00:01:56]} 31. Bg6 {[%clk
00:20:17]} {[%emt 00:01:56]} Nd4 {[%clk 00:41:18]} {[%emt 00:01:59]} 32. c3
{[%clk 00:18:50]} {[%emt 00:01:55]} Ne2+ {[%clk 00:41:09]} {[%emt 00:00:40]}
33. Kh2 {[%clk 00:18:33]} {[%emt 00:00:46]} Rf8 {[%clk 00:40:47]} {[%emt
00:00:53]} 34. Re7 {[%clk 00:16:23]} {[%emt 00:02:39]} Rxf2 {[%clk 00:40:29]}
{[%emt 00:00:49]} 35. Rdd7 {[%clk 00:15:26]} {[%emt 00:01:27]} Kf8 {[%clk
00:39:05]} {[%emt 00:01:53]} 36. Rxg7 {[%clk 00:13:20]} {[%emt 00:02:37]} Rc8
{[%clk 00:36:22]} {[%emt 00:03:14]} 37. Rdf7+ {[%clk 00:11:41]} {[%emt
00:02:08]} Rxf7 {[%clk 00:36:42]} {[%emt 00:00:10]} 38. Rxf7+ {[%clk 00:11:57]}
{[%emt 00:00:15]} Ke8 {[%clk 00:36:43]} {[%emt 00:00:29]} 39. Rf2+ {[%clk
00:11:59]} {[%emt 00:00:27]} Kd7 {[%clk 00:36:57]} {[%emt 00:00:16]} 40. Bf5+
{[%clk 00:11:43]} {[%emt 00:00:46]} Kd8 {[%clk 00:37:10]} {[%emt 00:00:16]} 41.
Bxc8 {[%clk 00:11:57]} {[%emt 00:00:17]} Kxc8 {[%clk 00:37:36]} {[%emt
00:00:04]} 42. Rxe2 {[%clk 00:12:12]} {[%emt 00:00:15]} Kd7 {[%clk 00:38:02]}
{[%emt 00:00:04]} 43. Rxe5 {[%clk 00:12:30]} {[%emt 00:00:12]} Kd6 {[%clk
00:38:18]} {[%emt 00:00:14]} 44. Rh5 {[%clk 00:12:46]} {[%emt 00:00:14]} Kc6
{[%clk 00:38:27]} {[%emt 00:00:21]} 45. g4 {[%clk 00:13:08]} {[%emt 00:00:08]}
Kd7 {[%clk 00:38:45]} {[%emt 00:00:12]} 46. Rxh6 {[%clk 00:13:28]} {[%emt
00:00:10]} Ke7 {[%clk 00:39:06]} {[%emt 00:00:08]} 47. g5 {[%clk 00:13:41]}
{[%emt 00:00:18]} Kf7 {[%clk 00:39:30]} {[%emt 00:00:06]} 48. Rxb6 {[%clk
00:13:59]} {[%emt 00:00:12]} Kg7 {[%clk 00:39:50]} {[%emt 00:00:09]} 49. Kg3
{[%clk 00:14:11]} {[%emt 00:00:18]} a5 {[%clk 00:40:13]} {[%emt 00:00:09]} 50.
Kf4 {[%clk 00:14:22]} {[%emt 00:00:18]} a4 {[%clk 00:39:30]} {[%emt 00:01:14]}
51. Kf5 {[%clk 00:14:43]} {[%emt 00:00:08]} a3 {[%clk 00:39:53]} {[%emt
00:00:07]} 52. b3 {[%clk 00:15:03]} {[%emt 00:00:10]} Kf7 {[%clk 00:40:03]}
{[%emt 00:00:19]} 53. Rb7+ {[%clk 00:15:25]} {[%emt 00:00:09]} Ke8 {[%clk
00:40:30]} {[%emt 00:00:04]} 54. Ke6 {[%clk 00:15:39]} {[%emt 00:00:15]} Kd8
{[%clk 00:40:55]} {[%emt 00:00:06]} 55. Rh7 {[%clk 00:15:33]} {[%emt 00:00:34]}
Kc8 {[%clk 00:41:20]} {[%emt 00:00:05]} 56. Kd6 {[%clk 00:15:57]} {[%emt
00:00:07]} Kb8 {[%clk 00:41:39]} {[%emt 00:00:11]} 57. Kc6 {[%clk 00:16:18]}
{[%emt 00:00:09]} Ka8 {[%clk 00:42:00]} {[%emt 00:00:09]} 58. Kb6 {[%clk
00:16:40]} {[%emt 00:00:07]} Kb8 {[%clk 00:42:29]} {[%emt 00:00:03]} 59. Rh8#
{[%clk 00:16:53]} {[%emt 00:00:15]} 1-0

[Event "DEM U12w 2023"]
[Site "Willingen GER"]
[Date "2023.06.02"]
[Round "8"]
[White "Färber, Anna"]
[Black "Weyerer, Elea"]
[Result "1-0"]
[Termination "normal"]
[Board "12"]
[WhiteElo "1252"]
[BlackElo "1408"]
[WhiteClock "00:17:04"]
[BlackClock "00:10:50"]
[PlyCount "111"]
[WhiteFideId "34633480"]
[BlackFideId "34605770"]
[EventCountry "GER"]
[EventRounds "9"]
[EventType "swiss"]
[EventDate "2023.05.27"]

1. e4 {[%clk 01:30:53]} {[%emt 00:00:07]} e6 {[%clk 01:30:55]} {[%emt
00:00:06]} 2. d4 {[%clk 01:31:09]} {[%emt 00:00:14]} d5 {[%clk 01:31:17]}
{[%emt 00:00:08]} 3. exd5 {[%clk 01:31:29]} {[%emt 00:00:10]} exd5 {[%clk
01:31:35]} {[%emt 00:00:12]} 4. Nf3 {[%clk 01:31:48]} {[%emt 00:00:10]} Bg4
{[%clk 01:31:38]} {[%emt 00:00:27]} 5. Bd3 {[%clk 01:31:46]} {[%emt 00:00:32]}
Nc6 {[%clk 01:31:34]} {[%emt 00:00:35]} 6. c3 {[%clk 01:31:54]} {[%emt
00:00:21]} Bd6 {[%clk 01:30:52]} {[%emt 00:01:12]} 7. O-O {[%clk 01:31:49]}
{[%emt 00:00:36]} Nge7 {[%clk 01:30:47]} {[%emt 00:00:35]} 8. Re1 {[%clk
01:31:51]} {[%emt 00:00:27]} Qd7 {[%clk 01:29:35]} {[%emt 00:01:43]} 9. Nbd2
{[%clk 01:32:01]} {[%emt 00:00:19]} f6 {[%clk 01:28:26]} {[%emt 00:01:39]} 10.
b4 {[%clk 01:25:53]} {[%emt 00:06:39]} O-O {[%clk 01:28:22]} {[%emt 00:00:33]}
11. Nb3 {[%clk 01:21:07]} {[%emt 00:05:16]} Rae8 {[%clk 01:20:59]} {[%emt
00:07:54]} 12. Nc5 {[%clk 01:18:35]} {[%emt 00:03:01]} Qc8 {[%clk 01:19:34]}
{[%emt 00:01:53]} 13. Bd2 {[%clk 01:11:05]} {[%emt 00:08:01]} Bxc5 {[%clk
01:09:00]} {[%emt 00:11:06]} 14. bxc5 {[%clk 01:09:01]} {[%emt 00:02:33]} Bf5
{[%clk 01:03:51]} {[%emt 00:05:37]} 15. Bb5 {[%clk 01:03:58]} {[%emt 00:05:35]}
a6 {[%clk 01:01:01]} {[%emt 00:03:21]} 16. Ba4 {[%clk 00:59:55]} {[%emt
00:04:34]} b5 {[%clk 00:58:30]} {[%emt 00:03:00]} 17. Bb3 {[%clk 00:55:50]}
{[%emt 00:04:34]} Na5 {[%clk 00:56:00]} {[%emt 00:02:59]} 18. Bf4 {[%clk
00:52:44]} {[%emt 00:03:36]} Nc4 {[%clk 00:51:40]} {[%emt 00:04:50]} 19. Bxc4
{[%clk 00:48:31]} {[%emt 00:04:44]} dxc4 {[%clk 00:49:00]} {[%emt 00:03:10]}
20. a4 {[%clk 00:44:48]} {[%emt 00:04:12]} Nd5 {[%clk 00:46:01]} {[%emt
00:03:31]} 21. Bd2 {[%clk 00:41:10]} {[%emt 00:04:08]} Rxe1+ {[%clk 00:43:09]}
{[%emt 00:03:22]} 22. Nxe1 {[%clk 00:39:23]} {[%emt 00:02:16]} Re8 {[%clk
00:41:03]} {[%emt 00:02:36]} 23. Qf3 {[%clk 00:37:25]} {[%emt 00:02:29]} c6
{[%clk 00:37:26]} {[%emt 00:04:06]} 24. Kf1 {[%clk 00:32:36]} {[%emt 00:05:16]}
Qe6 {[%clk 00:35:34]} {[%emt 00:02:24]} 25. h3 {[%clk 00:31:10]} {[%emt
00:01:57]} Be4 {[%clk 00:32:41]} {[%emt 00:03:21]} 26. Qg3 {[%clk 00:29:58]}
{[%emt 00:01:43]} Bd3+ {[%clk 00:30:22]} {[%emt 00:02:48]} 27. Nxd3 {[%clk
00:27:42]} {[%emt 00:02:48]} Qe2+ {[%clk 00:30:12]} {[%emt 00:00:40]} 28. Kg1
{[%clk 00:28:09]} {[%emt 00:00:04]} Qxd2 {[%clk 00:29:51]} {[%emt 00:00:49]}
29. Nb4 {[%clk 00:27:03]} {[%emt 00:01:37]} Qxc3 {[%clk 00:28:49]} {[%emt
00:01:33]} 30. Qxc3 {[%clk 00:26:26]} {[%emt 00:01:06]} Nxc3 {[%clk 00:29:04]}
{[%emt 00:00:15]} 31. axb5 {[%clk 00:25:29]} {[%emt 00:01:28]} cxb5 {[%clk
00:25:28]} {[%emt 00:04:05]} 32. Kf1 {[%clk 00:22:13]} {[%emt 00:03:46]} Rd8
{[%clk 00:23:12]} {[%emt 00:02:44]} 33. c6 {[%clk 00:20:08]} {[%emt 00:02:38]}
Na4 {[%clk 00:20:55]} {[%emt 00:02:44]} 34. Nxa6 {[%clk 00:19:04]} {[%emt
00:01:36]} Rc8 {[%clk 00:19:19]} {[%emt 00:02:04]} 35. d5 {[%clk 00:18:09]}
{[%emt 00:01:27]} c3 {[%clk 00:17:09]} {[%emt 00:02:40]} 36. Ke2 {[%clk
00:16:04]} {[%emt 00:02:36]} Kf7 {[%clk 00:15:42]} {[%emt 00:01:57]} 37. Kd3
{[%clk 00:14:49]} {[%emt 00:01:45]} Ke7 {[%clk 00:15:12]} {[%emt 00:00:59]} 38.
Re1+ {[%clk 00:14:06]} {[%emt 00:01:13]} Kd6 {[%clk 00:13:24]} {[%emt
00:02:16]} 39. Kd4 {[%clk 00:14:15]} {[%emt 00:00:24]} Nc5 {[%clk 00:10:25]}
{[%emt 00:03:27]} 40. Nxc5 {[%clk 00:14:14]} {[%emt 00:00:32]} b4 {[%clk
00:08:51]} {[%emt 00:02:05]} 41. Na6 {[%clk 00:13:52]} {[%emt 00:00:52]} Rxc6
{[%clk 00:07:52]} {[%emt 00:01:29]} 42. Re6+ {[%clk 00:13:54]} {[%emt
00:00:21]} Kd7 {[%clk 00:08:12]} {[%emt 00:00:14]} 43. Rxc6 {[%clk 00:14:14]}
{[%emt 00:00:12]} g5 {[%clk 00:07:42]} {[%emt 00:00:59]} 44. Nxb4 {[%clk
00:14:26]} {[%emt 00:00:19]} h5 {[%clk 00:07:47]} {[%emt 00:00:25]} 45. Rxf6
{[%clk 00:14:28]} {[%emt 00:00:28]} g4 {[%clk 00:08:02]} {[%emt 00:00:15]} 46.
hxg4 {[%clk 00:14:54]} {[%emt 00:00:05]} hxg4 {[%clk 00:08:25]} {[%emt
00:00:07]} 47. Rg6 {[%clk 00:14:14]} {[%emt 00:01:09]} Kc7 {[%clk 00:08:31]}
{[%emt 00:00:24]} 48. f4 {[%clk 00:14:14]} {[%emt 00:00:31]} Kd7 {[%clk
00:08:58]} {[%emt 00:00:40]} 49. Re6 {[%clk 00:14:57]} {[%emt 00:00:10]} c2
{[%clk 00:09:16]} {[%emt 00:00:12]} 50. Nxc2 {[%clk 00:15:21]} {[%emt
00:00:05]} g3 {[%clk 00:09:41]} {[%emt 00:00:06]} 51. f5 {[%clk 00:15:46]}
{[%emt 00:00:05]} Kc8 {[%clk 00:09:29]} {[%emt 00:00:40]} 52. f6 {[%clk
00:16:14]} {[%emt 00:00:04]} Kc7 {[%clk 00:09:41]} {[%emt 00:00:15]} 53. f7
{[%clk 00:16:41]} {[%emt 00:00:06]} Kd7 {[%clk 00:10:03]} {[%emt 00:00:07]} 54.
f8=Q {[%clk 00:16:42]} {[%emt 00:00:29]} Kc7 {[%clk 00:10:28]} {[%emt
00:00:05]} 55. Qf7+ {[%clk 00:17:04]} {[%emt 00:00:09]} Kd8 {[%clk 00:10:50]}
{[%emt 00:00:06]} 56. Re8# {[%emt 00:00:03]} 1-0